Language Quiz

Random Language or Letter Quiz

Missing Letter Sorting Blitz Quiz Stats

 Plays Quiz Updated May 19, 2016

Challenge
Share
Tweet
Embed
Score 0/36 Timer 02:00
0 Plays Today
% Correct
???
68.2%
???
64.1%
???
64%
???
57%
???
55.6%
???
55%
???
54.7%
???
54.7%
???
54.1%
???
53.7%
???
53.3%
???
52.6%
???
51.7%
???
51.6%
???
51.3%
???
50.2%
???
50.1%
???
48.8%
% Correct
???
47.1%
???
46.6%
???
46.6%
???
45.7%
???
45.2%
???
43.3%
???
42.2%
???
41.9%
???
41.4%
???
41.3%
???
40.6%
???
39.9%
???
36.6%
???
33.7%
???
29.3%
???
29%
???
27.2%
???
25%

You're not logged in!

Compare scores with friends on all Sporcle quizzes.
Join for Free
OR
Log In

You Might Also Like...

Show Comments

Extras

Top Quizzes Today


Score Distribution

Your Account Isn't Verified!

In order to create a playlist on Sporcle, you need to verify the email address you used during registration. Go to your Sporcle Settings to finish the process.

Report this User

Report this user for behavior that violates our Community Guidelines.

Details: